CSN outputs (Record no. 111855)
[ view plain ]
| 000 -LEADER | |
|---|---|
| fixed length control field | 01034cad a22001935a 4500 |
| 001 - CONTROL NUMBER | |
| control field | L152100 |
| 008 - FIXED-LENGTH DATA ELEMENTS--GENERAL INFORMATION | |
| fixed length control field | 110201s2011 xxk f 000 0 eng d |
| 035 ## - SYSTEM CONTROL NUMBER | |
| System control number | (Sirsi) u152100 |
| 041 0# - LANGUAGE CODE | |
| Language code of text/sound track or separate title | eng |
| 110 2# - MAIN ENTRY--CORPORATE NAME | |
| Corporate name or jurisdiction name as entry element | ConstructionSkills |
| 9 (RLIN) | 5077 |
| 245 00 - TITLE STATEMENT | |
| Title | CSN outputs |
| Medium | [electronic resource] |
| 260 ## - PUBLICATION, DISTRIBUTION, ETC. | |
| Place of publication, distribution, etc. | [S.l.] |
| Name of publisher, distributor, etc. | ConstructionSkills |
| Date of publication, distribution, etc. | 2011 |
| 520 ## - SUMMARY, ETC. | |
| Summary, etc. | The latest set of CSN reports show that although the construction industry performed better than expected in 2010, the sector is expected to contract by 1% during 2011; UK blueprint for construction 2011-2015; forecasts, area reports and historic data back to 2006 for East Midlands, East of England, Greater London, North East, North West, Northern Ireland, Scotland, South East, South West, Wales, West Midlands, Yorkshire and Humber. |
| 590 ## - LOCAL NOTE (RLIN) | |
| Local note | KA NTK |
| 651 #4 - SUBJECT ADDED ENTRY--GEOGRAPHIC NAME | |
| Geographic name | United Kingdom |
| Chronological subdivision | |
| 690 ## - LOCAL SUBJECT ADDED ENTRY--TOPICAL TERM (OCLC, RLIN) | |
| Topical term or geographic name as entry element | BUILT ENVIRONMENT-CONSTRUCTION MARKET |
| 856 40 - ELECTRONIC LOCATION AND ACCESS | |
| Uniform Resource Identifier | <a href="https://www.cskills.org/sectorskills/csn/csnoutputs/index.aspx">https://www.cskills.org/sectorskills/csn/csnoutputs/index.aspx</a> |
| Public note | View this item free of charge at www.cskills.org |
| 942 ## - ADDED ENTRY ELEMENTS (KOHA) | |
| Suppress in OPAC | 0 |
| Withdrawn status | Lost status | Source of classification or shelving scheme | Damaged status | Not for loan | Home library | Current library | Shelving location | Date acquired | Total Checkouts | Full call number | Barcode | Date last seen | Copy number | Price effective from | Koha item type |
|---|---|---|---|---|---|---|---|---|---|---|---|---|---|---|---|
| Dewey Decimal Classification | Virtual | Virtual | Online | 01/02/2011 | ONLINE PUBLICATION | 152100-1001 | 06/08/2019 | 1 | 06/08/2019 | Book |